[Event "GRE-ch U14"]
[Site "Rio Achaia"]
[Date "2018.07.08"]
[Round "8"]
[White "Valsamidis, Athanasios"]
[Black "Kaldanis, Angelos"]
[Result "1-0"]
[WhiteElo "1364"]
[BlackElo "1058"]
[PlyCount "69"]
[EventDate "2018.07.03"]
[EventType "swiss"]
[EventRounds "9"]
[EventCountry "GRE"]
[SourceTitle "EXT 2019"]
[Source "ChessBase"]
[SourceDate "2018.10.10"]
[SourceVersion "1"]
[SourceVersionDate "2018.10.10"]
[SourceQuality "1"]

1. c4 c5 2. Nc3 Nf6 3. Nf3 d5 4. cxd5 Nxd5 5. e4 Nb4 6. Bb5+ Bd7 7. d4 a6 8. Bxd7+ Nxd7 9. d5 a5 10. 0-0 g6 11. Qa4 Bg7 12. a3 Na6 13. Bf4 Nc7 14. Qb3 Ra7 15. Bxc7 Qxc7 16. Nb5 Qb6 17. a4 Ra8 18. Rfe1 0-0 19. e5 Rad8 20. Rad1 Nb8 21. Nd2 Rd7 22. Nc4 Qd8 23. d6 Re8 24. e6 fxe6 25. Rxe6 exd6 26. Rxe8+ Qxe8 27. Ncxd6+ c4 28. Qxc4+ Kh8 29. h3 Qf8 30. Re1 Rd8 31. Nf7+ Kg8 32. Nxd8+ Kh8 33. Nf7+ Kg8 34. Nh6+ Kh8 35. Qg8+ 1-0

[Event "GRE-ch U14"]
[Site "Rio Achaia"]
[Date "2018.07.03"]
[Round "1"]
[White "Koutsourakis, Ioannis"]
[Black "Kaldanis, Angelos"]
[Result "1-0"]
[WhiteElo "1597"]
[BlackElo "1058"]
[PlyCount "67"]
[EventDate "2018.07.03"]
[EventType "swiss"]
[EventRounds "9"]
[EventCountry "GRE"]
[SourceTitle "EXT 2019"]
[Source "ChessBase"]
[SourceDate "2018.10.10"]
[SourceVersion "1"]
[SourceVersionDate "2018.10.10"]
[SourceQuality "1"]

1. d4 Nf6 2. c4 e6 3. Nc3 Bb4 4. e3 b6 5. Nf3 Bb7 6. Bd3 0-0 7. 0-0 d5 8. Bd2 Bxc3 9. Bxc3 Nbd7 10. b3 c5 11. Rc1 Rc8 12. Bb2 Qe7 13. Qe2 Rc7 14. Rfd1 Rfc8 15. cxd5 Nxd5 16. dxc5 Nxc5 17. Bc4 h6 18. Nd4 Qg5 19. f4 Qe7 20. Nb5 Rd7 21. Nxa7 Rcd8 22. Nb5 Nf6 23. Rxd7 Rxd7 24. Nd4 Nfe4 25. Ba3 Qd8 26. Bb5 Rd6 27. b4 Nd7 28. Bc4 Ndf6 29. b5 Rd7 30. Bb2 Nc5 31. Bc3 Nfe4 32. Ba1 Kh8 33. Qg4 g6 34. Nxe6+ 1-0